| 000 | 00444nam a2200109Ia 4500 | ||
|---|---|---|---|
| 008 | 220216s9999 xx 000 0 und d | ||
| 100 | _aRahiman A.K.A. | ||
| 245 | 0 | _aAdoption of drought management practices by rubber planters in Kunnathunadu taluk of Ernakulam district | |
| 260 |
_bDissertation, PG Diploma in Natural Rubber Production, Kerala Agricultural University, Trichur, India, 40 p. _c1994 |
||
| 650 | _aDrought management | ||
| 942 | _cBS | ||
| 999 |
_c52777 _d52777 |
||